Score 0/23 Timer 03:00
0 Plays Today
Clue Word % Correct
Hearing organsEARS
94.4%
►Former VP Al◄►GORE◄
93.1%
Growth on a thumb or a toadWART
91.3%
Had on, as clothingWORE
90.7%
ConflictsWARS
88.7%
►Shrek, for one◄►OGRE◄
86.6%
Saint-John's-____WORT
85.9%
Gets olderAGES
85.2%
Like a slasher filmGORY
84.3%
Fish voiced by Ellen DeGeneresDORY
81.4%
Makes a mistakeERRS
78.2%
Little piggies, for childrenTOES
76.5%
Clue Word % Correct
DepartsGOES
76%
Greek god of conflictsARES
74.7%
Bucks' matesDOES
72.8%
Person who accomplishes thingsDOER
72.3%
Very, in FrenchTRES
69.9%
►Suffix for concert or theatre◄►GOER◄
67.5%
►Therefore◄►ERGO◄
61.2%
British sex symbol DianaDORS
59.9%
Units of workERGS
57.3%
Pulitzer-winning novelist JamesAGEE
41.3%
Architectural S-shaped moldingOGEE
40.5%

Today's Daily Dose

Missing Word
'T' Pairs

Word Ladder
Game Pieces

Get the Picture
Baseball Movies

Remove Ads.
Support Sporcle.
Get the best of Sporcle when you Go Orange. This ad-free experience offers more features, more stats, and more fun while also helping to support Sporcle. Thank you for becoming a member.

You're not logged in!

Compare scores with friends on all Sporcle quizzes.
OR
Log In

Show Comments

Extras

Top Quizzes Today


Score Distribution

Your Account Isn't Verified!

In order to create a playlist on Sporcle, you need to verify the email address you used during registration. Go to your Sporcle Settings to finish the process.

Report this User

Report this user for behavior that violates our Community Guidelines.

Details: